| 000 | 01806nam a22003017a 4500 | ||
|---|---|---|---|
| 003 | DO-SdBNP | ||
| 005 | 20240229074004.0 | ||
| 007 | ta | ||
| 008 | 210310e2020 dr ao||er|||| 001 0dspa d | ||
| 020 | _a9789945919066 | ||
| 040 |
_aDO-SdBNP _bspa _cBNPHU |
||
| 082 | 4 |
_a262.3097293 _bS127v _222 |
|
| 100 | 1 |
_a Sáez , José Luis _d1937- _9620 |
|
| 245 | 1 | 3 |
_aLas visitas pastorales de los arzobispos de Santo Domingo (1531-1983) / _cJosé Luis Sáez Ramo ; editor:Jesús R. Navarro Zerpa. |
| 260 |
_aSanto Domingo : _bBúho, _c2020. |
||
| 300 |
_a242 p. : _bil., retrs. ; _c22 cm. |
||
| 490 |
_aAcademia Dominicana de la Historia ; _v156 |
||
| 500 | _aIncluye referencias bibliográficas y notas al pie de las páginas. | ||
| 505 | _aIntroducción 11 -- Las visitas pastorales dominicanas al margen del Trento (1515-1553) 12 -- Primeras visitas pastorales del siglo XVI (1531-1583) 14 -- La visita pastoral en la legislación sinodal dominicana y continental 17 -- Origen y necesidad de las notas o actas de visita pastoral 20 -- Los libros parroquiales y el valor documental de una visita 21 -- dos modalidades de Visita Pastoral extensa en el siglo XX 23 -- Las visitas hasta la recreación de la provincia Eclesiástica de Santo Domingo (1945-1953) 28 -- Índice de documentos 33 -- Antología de documentos 49 -- Bibliografía 317 | ||
| 590 | _aInventariado, 2021/MFF | ||
| 650 | 4 |
_aVisitas pastorales _zRepública Dominicana _xHistoria _y1531-1953 _979163 |
|
| 650 | 4 |
_aArzobispos _zRepública Dominicana _xHistoria _y1531-1953 _979164 |
|
| 650 | 4 |
_aIglesia católica _zRepública Dominicana _xHistoria _9358 |
|
| 700 | 1 |
_aNavarro Zerpa, Jesús R. _eeditor. _973422 |
|
| 830 |
_aAcademia Dominicana de la Historia ; _n156 _978063 |
||
| 910 | _avalidado. Control de calidad MFF | ||
| 942 |
_2ddc _cLBS1 |
||
| 999 |
_c49531 _d49531 |
||